Lecturas de Econometría / (Record no. 32731)

MARC details
000 -LEADER
campo de control de longitud fija 00694nam a2200217 i 4500
001 - NÚMERO DE CONTROL
campo de control 32731
003 - IDENTIFICADOR DE NÚMERO DE CONTROL
campo de control ES-MaACL
005 - FECHA Y HORA DE LA ÚLTIMA TRANSACCIÓN
campo de control 20250815080450.0
007 - CAMPO FIJO DE DESCRIPCIÓN FÍSICA--INFORMACIÓN GENERAL
campo de control de longitud fija t|
008 - DATOS DE LONGITUD FIJA--INFORMACIÓN GENERAL
campo de control de longitud fija 150618s1972 sp ||||1| spa d
080 ## - NÚMERO DE LA CLASIFICACIÓN DECIMAL UNIVERSAL
Número de la Clasificación Decimal Universal 330.115(04)
245 00 - MENCIÓN DEL TÍTULO
Título Lecturas de Econometría /
Mención de responsabilidad, etc. selección e introducción por Angel Alcaide.
260 ## - PUBLICACIÓN, DISTRIBUCIÓN, ETC.
Lugar de publicación, distribución, etc. Madrid :
Nombre del editor, distribuidor, etc. Gredos,
Fecha de publicación, distribución, etc. 1972.
300 ## - DESCRIPCIÓN FÍSICA
Extensión 402 p.. ;
Dimensiones 24 cm.
490 1# - MENCIÓN DE SERIE
Mención de serie Biblioteca de Ciencias Económicas. I. Teoría Económica ;
Designación de volumen o secuencia 6
650 04 - PUNTO DE ACCESO ADICIONAL DE MATERIA--TÉRMINO DE MATERIA
Término de materia o nombre geográfico como elemento de entrada Econometría.
9 (RLIN) 12005
700 0# - ENTRADA AGREGADA--NOMBRE PERSONAL
Nombre de persona Alcaide Inchausti, Angel.
9 (RLIN) 19443
830 00 - PUNTO DE ACCESO ADICIONAL DE SERIE-TÍTULO UNIFORME
Título uniforme Biblioteca de ciencias económicas
Designación de volumen o secuencia 6
9 (RLIN) 181450
852 ## - LOCALIZACIÓN
Ubicación ES-MaACL
Número de control de estantería E-15687
Holdings
Estatus retirado Estado de pérdida Estado de daño No para préstamo Biblioteca de origen Biblioteca actual Ubicación en estantería Fecha de adquisición Fuente de adquisición Total de préstamos Signatura topográfica completa Código de barras Visto por última vez Precio de reemplazo Tipo de ítem Koha
        Biblioteca del Ateneo de Madrid Biblioteca del Ateneo de Madrid Depósito 2 18/06/2015     E-15687 1193915 23/02/2023 23/02/2023 Libro impreso